[Event "RUS-Cup"]
[Site "Tula "]
[Date "1999.??.??"]
[Round "4"]
[White "Zaitsev, Vadim"]
[Black "Gaspariants, Garry"]
[Result "1-0"]
[WhiteElo "2412"]
[BlackElo "2230"]

1.Nf3 d5 2.g3 Nf6 3.Bg2 c6 4.d3 Bg4 5.Nbd2 Nbd7 6.O-O e5 7.e4 dxe4 8.dxe4 Be7
9.h3 Bh5 10.Qe1 O-O 11.a3 a5 12.b3 Re8 13.Bb2 Bf8 14.Nc4 Qc7 15.a4 Bb4 16.c3 Bf8
17.b4 b6 18.Nh4 Rad8 19.Nf5 Bg6 20.Nce3 Bxf5 21.Nxf5 g6 22.Ne3 Bg7 23.Qe2 Nf8
24.bxa5 bxa5 25.Ba3 Ne6 26.Qc4 Bf8 27.Bxf8 Rxf8 28.h4 Nd7 29.Rfb1 Ndc5 30.h5 Rb8
31.Rf1 Rfd8 32.Rad1 Rxd1 33.Rxd1 Rd8 34.Rxd8+ Qxd8 35.Bh3 Qb6 36.Kg2 Ng5
37.Bg4 Ngxe4 38.Bf3 Nd6 39.Qh4 e4 40.Bg4 Ndb7 41.Qf6 Qd8 42.Qxc6 Qd6 43.Qe8+ Kg7
44.Be2 Ne6 45.h6+ Kxh6 46.Qxf7 Ned8 47.Ng4+ Kg5 48.Qxh7 Nc5 49.Qh4+ Kf5 50.Bc4 Qf8
51.Nh6+ Ke5 52.Qxd8 Qxd8 53.Nf7+ Kf6 54.Nxd8 Nxa4 55.Nc6 Nxc3 56.Nxa5 g5
57.Nc6 Nb1 58.Nd4 Nd2 59.Be2 Ke5 60.Nc2 Nb1 61.Ne3 Nc3 62.Ba6 Na4 63.Kh3 Nc5
64.Bb5 Ne6 65.Nc2 Nc5 66.Ne3 Ne6 67.Kg4 Nd4 68.Ba4 Kf6 69.Bc2  1-0

[Event "RUS-Cup"]
[Site "Tula "]
[Date "1999.??.??"]
[Round "7"]
[White "Poley, Vladimir"]
[Black "Lobzhanidze, Davit"]
[Result "1/2-1/2"]
[WhiteElo "2386"]
[BlackElo "2452"]

1.Nf3 d5 2.g3 c6 3.Bg2 Bg4 4.c4 e6 5.Ne5 Bh5 6.Qb3 Qb6 7.cxd5 Qxb3 8.axb3 exd5
9.d4 Nf6 10.Nc3 Nfd7 11.g4 Bg6 12.Nxg6 hxg6 13.Bf4 Bb4 14.h4 O-O 15.g5 Re8
16.O-O-O Nf8 17.e4 dxe4 18.Nxe4 Nbd7 19.Bd6 a5 20.Bxb4 axb4 21.Rhe1 b6 22.Nd6 Ra1+
23.Kd2 Rxe1 24.Rxe1 Rxe1 25.Kxe1 c5 26.d5 Nb8 27.f4 Nfd7 28.Kd2 Kf8 29.Kd3 Ke7
30.Nb5 Nf8 31.Bh3 f5 32.Bg2 Na6 33.Kc4 Kd7 34.Na7 Nc7 35.d6 Kxd6 36.Nc8+ Kd7
37.Nxb6+ Kd6 38.Nc8+ Kd7 39.Nb6+ Kd6 40.Nc8+  1/2-1/2

[Event "RUS-ch sf"]
[Site "Ufa"]
[Date "1999.??.??"]
[Round "7"]
[White "Grebionkin, Vladimir"]
[Black "Zuev, Evgeny"]
[Result "1/2-1/2"]
[WhiteElo "2415"]
[BlackElo "2288"]

1.Nf3 d5 2.g3 c5 3.Bg2 Nc6 4.d4 e6 5.O-O Nf6 6.c4 dxc4 7.Qa4 cxd4 8.Nxd4 Qxd4
9.Bxc6+ Bd7 10.Rd1 Bxc6 11.Qxc6+ bxc6 12.Rxd4 Nd5 13.Rxc4 Be7 14.Rxc6 Kd7
15.Rc2 Rhc8 16.Nc3 Bf6 17.Bd2 Rab8 18.Be1 Ke8 19.Rac1 Nb4 20.Rd2 Nd5 21.Rdd1 Nxc3
22.bxc3 Rb2 23.Rd2 Rxc3 24.Rxc3 Bxc3 25.Rxb2 Bxb2 26.e4 Kd7 27.Kf1 Kc6 28.Ke2 Kb5
29.Kd3 Ka4 30.Kc2 Bd4 31.f3 Ka3 32.Kb1 Be5 33.h3 a6 34.g4  1/2-1/2

[Event "Mislata op8th"]
[Site "Valencia"]
[Date "1999.??.??"]
[Round "7"]
[White "Sanchez Guirado, Francisco"]
[Black "Valero Perez, Francisco Javier"]
[Result "1-0"]
[WhiteElo "2348"]
[BlackElo "2237"]

1.Nf3 d5 2.g3 Nf6 3.Bg2 e6 4.O-O Be7 5.d4 O-O 6.c4 c6 7.Qc2 Nbd7 8.Rd1 Ne4
9.b3 a6 10.Ne5 f5 11.Bf4 Nxe5 12.Bxe5 Bd7 13.f3 Nd6 14.Nd2 Be8 15.Rac1 Bg6
16.Qc3 Nf7 17.Bf4 a5 18.Qe3 Bd6 19.Nb1 Qc7 20.c5 Bxf4 21.gxf4 Rae8 22.Nc3 Bh5
23.Na4 h6 24.Nb2 g5 25.Nd3 Kh7 26.Kh1 Rg8 27.Rg1 Rg6 28.Qf2 Reg8 29.e4 R6g7
30.exf5 exf5 31.Qe3 Bg6 32.Rce1 gxf4 33.Qxf4 Qxf4 34.Nxf4 Ng5 35.h4 Nf7 36.h5  1-0

[Event "FIN-ch"]
[Site "Vammala"]
[Date "1999.??.??"]
[Round "7"]
[White "Jouhki, Yrjo Markus"]
[Black "Kytoniemi, Jyrki"]
[Result "1-0"]
[WhiteElo "2306"]
[BlackElo "2289"]

1.Nf3 d5 2.g3 c6 3.Bg2 Bg4 4.b3 Nd7 5.Bb2 e6 6.c4 Ngf6 7.O-O Be7 8.d3 O-O
9.Nbd2 a5 10.a3 b5 11.Rc1 bxc4 12.bxc4 a4 13.Rc2 Qb6 14.Qc1 Rab8 15.h3 Bh5
16.g4 Bg6 17.Ne5 Nxe5 18.Bxe5 Rb7 19.cxd5 cxd5 20.Qa1 Qa5 21.Rfc1 h6 22.Nf3 Rb3
23.Nd4 Bxa3 24.Nxb3 axb3 25.Rc8 Nd7 26.Rxf8+ Nxf8 27.Bb2 Bxb2 28.Qxb2 h5
29.Qxb3 hxg4 30.hxg4 f5 31.gxf5 Bxf5 32.Qb8 Qa3 33.Rc8 Qa1+ 34.Kh2 Qf6 35.Qf4 Qf7
36.Qg5 Bg6 37.f4 Bf5 38.Bh3 Bxh3 39.Kxh3 Qa7 40.Qg3 Qb7 41.Rd8 Qb6 42.Rc8 Qb7
43.Rc1 Qa7 44.Kg2 Qb7 45.Qg4 Qf7 46.Rc8 Qd7 47.Ra8 Qf7 48.Kg3 Qf6 49.Qg5 Qf7
50.e3 Qb7 51.Qd8 Qf7 52.Qe8 Qf6 53.Rc8 Qf5 54.e4 dxe4 55.dxe4 Qf6 56.Kg4 Qf7
57.Qxf7+ Kxf7 58.Kh5 Ng6 59.Rc7+ Ne7 60.Kg5 Kf8 61.Rb7 Ke8 62.f5 exf5 63.exf5 Kf7
64.Kf4 Kf8 65.Ra7 Ng8 66.Ke5 Nh6 67.Ke6 Kg8 68.Ra8+ Kh7 69.Ra4 Kg8 70.f6 gxf6
71.Kxf6 Kh8 72.Rh4 Kh7 73.Kg5  1-0

[Event "Vantaa op3"]
[Site "Vantaa"]
[Date "1999.??.??"]
[Round "5"]
[White "Parkkinen, Jyrki"]
[Black "Issakainen, Ari"]
[Result "1/2-1/2"]
[WhiteElo "2146"]
[BlackElo "2256"]

1.Nf3 d5 2.g3 Nf6 3.Bg2 c5 4.d4 Nc6 5.O-O Bg4 6.Ne5 Bf5 7.Nxc6 bxc6 8.c4 Be4
9.Qa4 Qd7 10.Be3 Bxg2 11.Kxg2 cxd4 12.Bxd4 c5 13.Qxd7+ Nxd7 14.Be3 d4 15.Bd2 Rb8
16.b3 e5 17.e4 Bd6 18.Na3 a6 19.Nc2 O-O 20.f3 Rb7 21.Ne1 f5 22.exf5 Rxf5
23.Nd3 Rf8 24.Rfe1 Rbb8 25.Re2 Rf7 26.Rae1 Rbf8 27.f4 h6 28.fxe5 Bxe5 29.Nxe5 Nxe5
30.Rxe5 Rf2+ 31.Kh3 Rxd2 32.Rxc5 Rff2 33.Kg4 Rxh2 34.Re7 Rde2 35.Rc8+ Kh7
36.Rxe2 Rxe2 37.Rd8 Rxa2 38.Rxd4 Rb2 39.Rd6  1/2-1/2

[Event "JUG-chT"]
[Site "Vrnjacka Banja"]
[Date "1999.??.??"]
[Round "2"]
[White "Tosic, Miroslav"]
[Black "Ivanov, Sergey"]
[Result "0-1"]
[WhiteElo "2502"]
[BlackElo "2538"]

1.Nf3 d5 2.g3 Bg4 3.h3 Bh5 4.c4 Bxf3 5.exf3 c6 6.Qb3 Qd7 7.d4 e6 8.Bf4 Ne7
9.Nc3 Nf5 10.Rd1 Be7 11.Be5 O-O 12.Bd3 dxc4 13.Qxc4 Na6 14.h4 Nb4 15.Bb1 Rad8
16.h5 b5 17.Qe2 f6 18.g4 fxe5 19.gxf5 exd4 20.fxe6 Qd6 21.a3 Qf4 22.Qe4 Qxe4+
23.Nxe4 Nd5 24.Rxd4 Rxf3 25.Ba2 Bf6 26.Rd2 Kf8 27.Rg1 Ke7 28.Ng5 Rf5 29.Nxh7 Rxh5
30.Nxf6 Kxf6 31.Re2 Re8 32.Kd2 Rh4 33.Rc1 Rd4+ 34.Ke1 Rh8 35.Rec2 Nf4 36.f3 Rh1+
37.Kf2 Rxc1 38.Rxc1 Nd3+ 39.Ke3 Nxc1 40.Kxd4 Nxa2  0-1

[Event "JUG-chT"]
[Site "Vrnjacka Banja"]
[Date "1999.??.??"]
[Round "4"]
[White "Arsovic, Goran"]
[Black "Colovic, Dusan"]
[Result "1-0"]
[WhiteElo "2423"]
[BlackElo "2364"]

1.Nf3 d5 2.g3 c6 3.Bg2 Bg4 4.O-O e6 5.d3 Nd7 6.Nbd2 Be7 7.h3 Bh5 8.Qe1 g5
9.Nh2 Ngf6 10.e4 g4 11.e5 gxh3 12.Bxh3 Ng8 13.Kh1 Bg6 14.f4 Nh6 15.g4 Bh4
16.Qe2 Bg3 17.Ndf3 Ng8 18.f5 Ne7 19.Kg2 Bxh2 20.Nxh2 Qc7 21.fxg6 hxg6 22.d4 c5
23.c3 Nc6 24.Bg5 cxd4 25.Qf2 f5 26.cxd4 Ne7 27.Nf3 Qb6 28.Rac1 Kf7 29.Rc3 Rac8
30.Rfc1 Rxc3 31.Rxc3 Nc6 32.Be3 Nf8 33.Ng5+ Ke8 34.Kg3 Qc7 35.Rc1 Qe7 36.Bg2 Kd7
37.Rh1 Rxh1 38.Bxh1 Nxd4 39.Bxd4 Qxg5 40.Qf4 Qd8 41.Qh6 Kc6 42.Qc1+ Kd7 43.Bf3 Qa5
44.a3 b6 45.Be2 Qa4 46.Qc3 Ke8 47.b4 Qd7 48.b5 Qe7 49.Be3 Kf7 50.a4 g5 51.Bd4 Kg7
52.a5 Ng6 53.Bd3 Nf4 54.axb6 axb6 55.Bxb6 fxg4 56.Qc7 Qxc7 57.Bxc7 Nxd3 58.Bd6 Nb2
59.b6 d4 60.b7 d3  1-0

[Event "JUG-chT"]
[Site "Vrnjacka Banja"]
[Date "1999.??.??"]
[Round "6"]
[White "Vukic, Milan"]
[Black "Savanovic, Aleksandar"]
[Result "1/2-1/2"]
[WhiteElo "2495"]
[BlackElo "2421"]

1.Nf3 d5 2.g3 c6 3.Bg2 Bg4 4.b3 Nd7 5.Bb2 e6 6.O-O Ngf6 7.c4 Be7 8.d4 O-O
9.Nc3 h6 10.Re1 Qa5 11.e4 dxe4 12.Nxe4 Nxe4 13.Rxe4 Bxf3 14.Bxf3 Ba3 15.Qc1 Bxb2
16.Qxb2 Nf6 17.Re5 Qb6 18.Rd1 Rfd8 19.Re2 Rd7 20.Red2 Rad8 21.Qc3 Qc7 22.Kg2 a5
23.Qe3 e5 24.dxe5 Rxd2 25.Rxd2 Rxd2 26.Qxd2 Qxe5 27.Qd8+ Kh7 28.Qb6 Ne4 29.h4 Nd2
30.Qd8 Nxf3 31.Qd3+ g6 32.Kxf3 Kg7  1/2-1/2

[Event "JUG-chT"]
[Site "Vrnjacka Banja"]
[Date "1999.??.??"]
[Round "8"]
[White "Lazic, Miroljub"]
[Black "Indjic, Dusan"]
[Result "1/2-1/2"]
[WhiteElo "2498"]
[BlackElo "2315"]

1.g3 d5 2.Nf3 c5 3.Bg2 Nc6 4.O-O e5 5.d3 Nf6 6.e4 d4 7.c3 Bg4 8.h3 Bh5 9.g4 Bg6
10.cxd4 cxd4 11.Qb3 Qb6 12.Qa4 Nd7 13.Na3  1/2-1/2

[Event "JUG-chT"]
[Site "Vrnjacka Banja"]
[Date "1999.??.??"]
[Round "8"]
[White "Pavlovic, Milos"]
[Black "Kosic, Dragan"]
[Result "1/2-1/2"]
[WhiteElo "2500"]
[BlackElo "2523"]

1.Nf3 d5 2.g3 Nf6 3.Bg2 c6 4.O-O Bg4 5.b3 Nbd7 6.Bb2 e6 7.c4 Bd6 8.d3 O-O
9.Nbd2 Qe7 10.a3 a5  1/2-1/2

[Event "JUG-chT"]
[Site "Vrnjacka Banja"]
[Date "1999.??.??"]
[Round "9"]
[White "Drasko, Milan"]
[Black "Lazic, Miroljub"]
[Result "1/2-1/2"]
[WhiteElo "2509"]
[BlackElo "2498"]

1.Nf3 d5 2.g3 c6 3.Bg2 Bg4 4.O-O Nd7 5.d4 Ngf6 6.Nbd2 e6 7.Re1 Qb6 8.c3 Be7
9.e4 Nxe4 10.Nxe4 dxe4 11.Rxe4 Bh5 12.Qb3 Qxb3 13.axb3 Bxf3 14.Bxf3 O-O 15.Re2 a6
16.Bd2 Rfd8 17.h4  1/2-1/2

[Event "JUG-chT"]
[Site "Vrnjacka Banja"]
[Date "1999.??.??"]
[Round "9"]
[White "Arsovic, Goran"]
[Black "Miranovic, Rajko"]
[Result "1/2-1/2"]
[WhiteElo "2423"]
[BlackElo "2388"]

1.Nf3 d5 2.g3 Bg4 3.Bg2 c6 4.O-O Nd7 5.d3 e6 6.e4 Bd6 7.Qe1 Ne7 8.h3 Bxf3
9.Bxf3 dxe4 10.Qxe4 h5 11.Bg2 Nf6 12.Qe2 h4 13.g4 Qc7 14.Nc3 Ng6 15.Be3 Nf4  1/2-1/2

[Event "JUG-chT"]
[Site "Vrnjacka Banja"]
[Date "1999.??.??"]
[Round "9"]
[White "Vukic, Milan"]
[Black "Scekic, Milos"]
[Result "1/2-1/2"]
[WhiteElo "2495"]
[BlackElo "2452"]

1.Nf3 d5 2.g3 c5 3.Bg2 Nc6 4.c4 d4 5.O-O e5 6.d3 Nf6 7.e3 Be7 8.exd4 exd4
9.Bf4 O-O 10.Ne5 Nxe5 11.Bxe5 Bd6 12.Bxf6 Qxf6 13.Nd2 Rb8 14.Bd5 g6 15.Re1 Qd8
16.Ne4 Bf5 17.Qf3 Kg7 18.h4 h6 19.Re2 Be7 20.Rae1 b6 21.Qf4 Rc8 22.h5 Qc7
23.Qf3 Qd7 24.Qh1 Bg4 25.f3 Bxh5 26.Nf2 Bg5 27.g4 Bxg4 28.Nxg4 Rce8 29.Qh2 Rxe2
30.Rxe2 Qf5 31.Qe5+ Qxe5 32.Nxe5 Be3+ 33.Kg2 f5 34.Nc6 a5 35.a3 Kf6 36.b4 axb4
37.axb4 g5 38.b5 h5 39.Ra2 g4 40.Ra7 h4 41.Rh7 h3+ 42.Kg3 Kg6 43.Ra7 f4+
44.Kxg4 h2 45.Ne5+ Kh6 46.Nf7+ Rxf7 47.Rxf7 h1=Q 48.Rf6+ Kg7 49.Rxb6 Bd2
50.Re6 Ba5 51.b6 Qg2+ 52.Kf5 Qh3+ 53.Ke5 Qh5+ 54.Ke4 Bxb6 55.Rxb6 Qh7+ 56.Ke5 Qxd3
57.Rd6 Qc3 58.Rd7+ Kh6 59.Kf5 Qc2+ 60.Ke5 Qa4 61.Be6 Qc2 62.Bf5 Qxc4 63.Kxf4 Qc1+
64.Ke5 Qe1+ 65.Kf6 Qh4+ 66.Ke5 Qg3+ 67.f4 Qg8  1/2-1/2

[Event "JUG-chT"]
[Site "Vrnjacka Banja"]
[Date "1999.??.??"]
[Round "10"]
[White "Drasko, Milan"]
[Black "Jakovljevic, Zivota"]
[Result "1-0"]
[WhiteElo "2509"]
[BlackElo "2272"]

1.Nf3 d5 2.g3 Nf6 3.Bg2 g6 4.d4 Bg7 5.c4 c6 6.cxd5 cxd5 7.Nc3 O-O 8.Ne5 b6
9.Bf4 Bb7 10.O-O a6 11.Rc1 Nbd7 12.Qb3 e6 13.Rc2 Nxe5 14.Bxe5 Nd7 15.Bxg7 Kxg7
16.Na4 a5 17.Rfc1 Ba6 18.Qe3 Bb5 19.Qa3 Rb8 20.e3 Ba6 21.Qd6 Bb5 22.Nc3 Bd3
23.Rd2 Ba6 24.Bf1 Bxf1 25.Kxf1 b5 26.Ne2 Nb6 27.Qxd8 Rfxd8 28.b3 Rdc8 29.Rdc2 Rxc2
30.Rxc2 Rb7 31.Nf4 Kf6 32.Nd3 Nd7 33.Rc6 Ra7 34.Ke2 Ke7 35.Kd2 Kd8 36.h4 h5
37.f3 b4 38.e4 Nb8 39.Rc5 Nd7 40.Rb5 dxe4 41.fxe4 Kc7 42.Nb2 Kc6 43.Rg5 e5
44.Kd3 exd4 45.Kxd4 Ra8 46.Nd3 Kd6 47.Rd5+ Ke7 48.Rb5 Kd6 49.e5+ Kc7 50.Rd5 a4
51.Nxb4 axb3 52.axb3 Ra1 53.Nd3 Rg1 54.e6 fxe6 55.Rg5 Rd1 56.Kc3 Kd6 57.Nf4 Nf8
58.Nxg6 Nxg6 59.Rxg6 Rf1 60.Kc4 Rc1+ 61.Kb5 Kd5 62.Rg5+ e5 63.Rxh5 Rc3 64.b4 Rxg3
65.Rh8 e4 66.h5 e3 67.h6 Rg5 68.h7 Rh5 69.Ka6 Rh6+  1-0

[Event "JUG-chT"]
[Site "Vrnjacka Banja"]
[Date "1999.??.??"]
[Round "11"]
[White "Sakaev, Konstantin"]
[Black "Ivanov, Sergey"]
[Result "1/2-1/2"]
[WhiteElo "2648"]
[BlackElo "2538"]

1.Nf3 d5 2.g3 Bg4 3.Bg2 Nd7 4.O-O e6 5.d3 Bd6 6.Nbd2 Ne7 7.e4 O-O 8.Qe1 c6
9.h3 Bh5 10.b3 e5 11.Bb2 Re8 12.Nh4 Qc7 13.Bf3 Bxf3 14.Nhxf3 Rad8 15.Kg2  1/2-1/2

[Event "Wisla Hugart op (Women)"]
[Site "Warsaw"]
[Date "1999.??.??"]
[Round "?"]
[White "Foisor, Cristina Adela B"]
[Black "Berzina, Ilze"]
[Result "0-1"]
[WhiteElo "2370"]
[BlackElo "2176"]

1.Nf3 d5 2.g3 c6 3.Bg2 Bg4 4.d3 Nd7 5.Nbd2 Ngf6 6.h3 Bh5 7.O-O e5 8.e4 Bd6
9.Qe1 O-O 10.Nh4 Bg6 11.Nxg6 hxg6 12.Qe2 Qe7 13.c3 dxe4 14.dxe4 a5 15.Nc4 Bc5
16.a4 Nb6 17.Nxb6 Bxb6 18.Qc4 Ne8 19.Kh2 Nd6 20.Qe2 Rad8 21.h4 Qe6 22.Bg5 f6
23.Bh3 Qf7 24.Bc1 Rfe8 25.Qc2 f5 26.exf5 gxf5 27.Bg5 Rd7 28.Rad1 Bd8 29.Be3 Bc7
30.b3 g6 31.c4 Rde7 32.Bg5 Re6 33.Rfe1 c5 34.Rd5 b6 35.Red1 Qf8 36.Bg2 Nf7
37.Rd7 Nxg5 38.Rxc7 Nf7 39.Rdd7 R8e7 40.Rxe7 Rxe7 41.Rc6 Kh7 42.Bd5 Nh6 43.Rxb6 Ng4+
44.Kg1 e4 45.Qc3 e3 46.fxe3 Rxe3 47.Rb7+ Kh6 48.Rf7 Rxc3 49.Rxf8 Rxg3+ 50.Kf1 Rxb3
51.Rh8+ Kg7 52.Ra8 f4 53.Ra7+ Kh6 54.Bg8 Nf6 55.Bf7 f3 56.Ra6 Ne4 57.Rxg6+ Kh7
58.Kg1 f2+ 59.Kg2 Rb1  0-1

[Event "Wisla Hugart op (Women)"]
[Site "Warsaw"]
[Date "1999.??.??"]
[Round "?"]
[White "Foisor, Cristina Adela B"]
[Black "Matveeva, Svetlana"]
[Result "0-1"]
[WhiteElo "2370"]
[BlackElo "2405"]

1.Nf3 d5 2.g3 Nf6 3.Bg2 c6 4.d3 Bf5 5.Nbd2 h6 6.b3 e6 7.Bb2 Nbd7 8.O-O a5
9.a3 Bh7 10.c4 Bc5 11.e4 dxe4 12.dxe4 O-O 13.Qe2 Qb6 14.Ra2 Rfd8 15.h3 Ne8
16.Bc3 Nf8 17.Rb1 f6 18.Rbb2 e5 19.h4 Bg6 20.Bh3 Nc7 21.Nf1 Nce6 22.Bg4 h5
23.Bf5 Bf7 24.Ra1 g6 25.Bh3 Nd4 26.Bxd4 Bxd4 27.Nxd4 Qxd4 28.Rc1 Be6 29.Bxe6+ Nxe6
30.c5 Qd3 31.Qe3 Rd4 32.Re2 Rad8 33.Kg2 Qb5 34.a4 Qb4 35.Rc3 Kg7 36.Qc1 Rd1
37.Qc2 Ra1 38.Ree3 Rdd1 39.Nh2 Nd4 40.Qb2 Rab1 41.Qa2 Ra1 42.Qb2 Rdb1 43.Qd2 Rxb3
44.Nf3 Rb2 45.Qd3 Raa2 46.Qf1 Qxa4 47.Rcd3 Qc4 48.Nxd4 Rxf2+ 49.Qxf2 Rxf2+
50.Kxf2 exd4 51.Rf3 Qxc5 52.Rd2 Qb4 53.Rfd3 c5 54.Kf3 Qc4 55.g4 hxg4+ 56.Kxg4 Qe6+
57.Kf4 b5  0-1

[Event "Wisla Hugart op (Women)"]
[Site "Warsaw"]
[Date "1999.??.??"]
[Round "?"]
[White "Reizniece, Dana"]
[Black "Matras, Agnieszka"]
[Result "1-0"]
[WhiteElo "2270"]
[BlackElo "2156"]

1.Nf3 d5 2.g3 Nf6 3.Bg2 Bf5 4.O-O e6 5.d3 Be7 6.Nfd2 O-O 7.e4 Bg6 8.Nc3 Nc6
9.h3 dxe4 10.dxe4 Bc5 11.Kh2 Qe7 12.Nb3 Rad8 13.Qe2 Nd4 14.Nxd4 Bxd4 15.f4 Rfe8
16.g4 h6 17.a4 c6 18.Ra3 Nd7 19.a5 Nc5 20.Nd1 f5 21.e5 fxg4 22.hxg4 Na6 23.Rh3 Qc7
24.c3 Bc5 25.b4 Bf8 26.Nf2 c5 27.b5 Nb8 28.Qc4 Nd7 29.Nd3 Bf7 30.g5 hxg5
31.Qe4 g6 32.fxg5 c4 33.Qh4 Bg7 34.Qh7+ Kf8 35.Rxf7+ Kxf7 36.Rf3+ Nf6 37.Rxf6+ Ke7
38.Qxg7+  1-0

[Event "Zagreb op"]
[Site "Zagreb"]
[Date "1999.??.??"]
[Round "8"]
[White "Sale, Srdjan"]
[Black "Lazovic, Gordan"]
[Result "1-0"]
[WhiteElo "2415"]
[BlackElo "2311"]

1.Nf3 d5 2.g3 Bg4 3.Bg2 Nd7 4.O-O e6 5.d3 Ngf6 6.Nbd2 c6 7.c4 Be7 8.b3 O-O
9.Bb2 a5 10.a3 Bh5 11.h3 Qb6 12.Ra2 Rfd8 13.Qa1 Ne8 14.Rb1 Qa7 15.Bc3 Bd6
16.Qb2 Bg6 17.Rba1 b5 18.Nh4 Bc5 19.d4 Be7 20.Nxg6 hxg6 21.e4 Qb7 22.Qc2 Nb6
23.c5 Nd7 24.e5 b4 25.Bb2 g5 26.Bc1 Nf8 27.axb4 axb4 28.Nf3 f6 29.Bd2 Nc7
30.Bf1 Rxa2 31.Rxa2 Ra8 32.Rxa8 Nxa8 33.Qa2 Nc7 34.Qa5 Nd7 35.Bxb4 Kf7 36.Bd2 Bd8
37.b4 Qb8 38.Qa1 Qb7 39.Bd3 Nb5 40.Qa4 Nb8 41.Kg2 Qa6 42.Qc2 Na3 43.Bg6+ Kf8
44.Qd1 Nc4 45.Nxg5 Nxd2 46.Nxe6+ Ke7 47.Nxd8 Ne4 48.Nf7 Qa2 49.Bxe4 dxe4
50.Nd6 Nd7 51.Qh5 Qg8 52.Qg6 e3 53.Nf5+ Kd8 54.Nxe3  1-0

[Event "Zaragoza op 11th"]
[Site "Zaragoza"]
[Date "1999.??.??"]
[Round "3"]
[White "Merino Garcia, Rafael"]
[Black "Epishin, Vladimir"]
[Result "0-1"]
[WhiteElo "2315"]
[BlackElo "2575"]

1.Nf3 d5 2.g3 g6 3.Bg2 Bg7 4.O-O Nf6 5.c4 c6 6.cxd5 cxd5 7.d4 Nc6 8.Ne5 O-O
9.Nc3 e6 10.Bf4 Nd7 11.Nxc6 bxc6 12.Na4 Ba6 13.Rc1 Qa5 14.Re1 Qb4 15.e3 Bb5
16.Nc3 Rfc8 17.Qc2 Nb6 18.a3 Qf8 19.h4 a5 20.a4 Ba6 21.Ne2 Nd7 22.Qd2 c5
23.e4 cxd4 24.Bc7 Nc5 25.Bb6 Nb3 26.Rxc8 Rxc8 27.Qf4 Qb4  0-1

[Event "Boavista Masters"]
[Site "Porto POR"]
[Date "2000.01.04"]
[Round "8"]
[White "Damaso,R"]
[Black "Del Rey,D"]
[Result "1/2-1/2"]
[WhiteElo "2399"]
[BlackElo "2369"]

1.g3 d5 2.Nf3 Nf6 3.Bg2 Bg4 4.O-O Nbd7 5.d4 e6 6.Nbd2 Be7 7.Re1 O-O 8.e4 dxe4
9.Nxe4 Nxe4 10.Rxe4 Bf5 11.Re1  1/2-1/2

[Event "Rilton Cup"]
[Site "Stockholm SWE"]
[Date "2000.01.04"]
[Round "8"]
[White "Votava,J"]
[Black "Gleizerov,E"]
[Result "1/2-1/2"]
[WhiteElo "2497"]
[BlackElo "2520"]

1.Nf3 d5 2.g3 g6 3.Bg2 Bg7 4.d4 Nf6 5.O-O O-O 6.c4 dxc4 7.Na3 Nc6 8.Nxc4 Be6
9.Nce5 Bd5 10.Bf4 Nh5 11.Be3 Nf6 12.Qc1 Nxe5 13.dxe5 Ng4 14.Bc5 c6 15.Qg5 Bxf3
16.exf3 Nxe5 17.Bxe7 f6 18.Bxd8 fxg5 19.Bxg5 Nxf3+ 20.Bxf3 Rxf3 21.Be3 Rf7
22.Rab1 Rd7 23.b3 Bd4 24.Rfe1  1/2-1/2

[Event "Hilton Open"]
[Site "Basel SUI"]
[Date "2000.01.05"]
[Round "7"]
[White "Czebe,A"]
[Black "Velicka,P"]
[Result "1/2-1/2"]
[WhiteElo "2472"]
[BlackElo "2458"]

1.Nf3 d5 2.g3 Bg4 3.Bg2 Nd7 4.O-O c6 5.d3 Ngf6 6.Nbd2 e5 7.e4 dxe4 8.dxe4 Bc5
9.c3 a5 10.Qc2 O-O 11.b3 Qc7 12.a3 Rfe8  1/2-1/2

[Event "Belgian Interteams 2000-1"]
[Site "BEL"]
[Date "2000.01.07"]
[Round "6"]
[White "Foisor,C"]
[Black "Marcus,J"]
[Result "1/2-1/2"]
[WhiteElo "2386"]
[BlackElo "2292"]

1.Nf3 d5 2.g3 c6 3.Bg2 Bg4 4.d3 Nd7 5.Nbd2 Ngf6 6.O-O e5 7.h3 Bh5 8.e4 dxe4
9.dxe4 Be7 10.Qe2 O-O 11.a4 a5 12.b3 Qc7 13.Bb2 Rfe8  1/2-1/2

[Event "Belgian Interteams 2000-1"]
[Site "BEL"]
[Date "2000.01.07"]
[Round "6"]
[White "Hausrath,D"]
[Black "Claesen,P"]
[Result "1-0"]
[WhiteElo "2439"]
[BlackElo "2416"]

1.Nf3 d5 2.g3 Nf6 3.Bg2 e6 4.d4 c5 5.c4 Nc6 6.O-O dxc4 7.dxc5 Qxd1 8.Rxd1 Bxc5
9.Nbd2 Ng4 10.Ne4 Bb4 11.h3 Nf6 12.Nxf6+ gxf6 13.Nd4 Bd7 14.Nxc6 Bxc6 15.Bxc6+ bxc6
16.Bh6 Rg8 17.Be3 Ba5 18.Rac1 Bb6 19.Bxb6 axb6 20.Rxc4 c5 21.Rd6 Rb8 22.b4 Rg5
23.a4 Ke7 24.bxc5 b5 25.Rb4 Rxc5 26.Rd2 Rc4 27.Rdb2 Rxb4 28.Rxb4 Kd6 29.axb5 Kc5
30.Rh4 Rh8 31.Rh5+ f5 32.e4 Kxb5 33.exf5 Kc6 34.fxe6 fxe6 35.Kg2 Kd6 36.f4 Ke7
37.Kf3 Kf7 38.Rh6 Ke7 39.g4 Kf7 40.g5 e5 41.f5 Kg7 42.f6+ Kf7 43.Ke4  1-0

[Event "Bundesliga 1999-2000"]
[Site "Hamburg GER"]
[Date "2000.01.08"]
[Round "7"]
[White "Hansen,Lars"]
[Black "Mueller,Ka"]
[Result "1/2-1/2"]
[WhiteElo "2232"]
[BlackElo "2527"]

1.Nf3 d5 2.g3 c6 3.Bg2 Bg4 4.O-O Nd7 5.d3 e5 6.e4 dxe4 7.dxe4 Ngf6 8.Nbd2 Bc5
9.h3 Bh5 10.Qe2 O-O 11.Nb3 Bb6 12.a4 a5 13.Be3 Re8 14.Rfd1 Qc7 15.Bxb6 Nxb6
16.Nc5 Qe7 17.Nd3 Nfd7 18.Re1 f6 19.b3 Nc5 20.Nxc5 Qxc5 21.Rad1 Rad8 22.Rxd8 Rxd8
23.Rd1 Rd7 24.Rxd7 Nxd7 25.Qd3 Nf8 26.Nd2 Bf7 27.Bf1 g6 28.h4 Ne6 29.c3 Qe7
30.Qc2 Nc5 31.Bc4 Qd8 32.Bxf7+ Kxf7 33.Kg2 b5 34.axb5 cxb5 35.b4 axb4 36.cxb4 Nd3
37.Nf3 Qd6 38.Qd2 Ke7 39.Qh6 Qb6 40.Qg7+ Ke8 41.Qg8+ Ke7 42.Qg7+ Ke8 43.Qg8+  1/2-1/2

[Event "VII Anibal Open"]
[Site "Linares ESP"]
[Date "2000.01.08"]
[Round "2"]
[White "Guerra Bastida,D"]
[Black "Yagupov,I"]
[Result "0-1"]
[WhiteElo "2273"]
[BlackElo "2449"]

1.Nf3 d5 2.g3 Bg4 3.Bg2 Nd7 4.d3 c6 5.O-O e5 6.e4 dxe4 7.dxe4 Ngf6 8.Qe1 Be7
9.Nbd2 O-O 10.Nc4 Qc7 11.Ne3 Bh5 12.Nf5 Rfe8 13.Nxe7+ Rxe7 14.Nh4 Nc5 15.Bg5 Re6
16.Bh3 Bg4 17.Bg2 Nfd7 18.f3 Bh5 19.Bh3 Ree8 20.Rd1 f6 21.Be3 Ne6 22.Qf2 Ndf8
23.Rd3 Red8 24.Rfd1 b6 25.a4 c5 26.Rd5 Bf7 27.Bf1 Nd4 28.c3 Bxd5 29.exd5 Nc6
30.Nf5 Na5 31.d6 Qf7 32.b4 cxb4 33.cxb4 Nc6 34.Rc1 Rac8 35.b5 Qd7 36.bxc6 Qxf5
37.Qd2 Qxf3 38.Bg2 Qg4 39.c7 Re8 40.Bd5+ Kh8 41.Rc4 e4 42.Rc1 Nd7 43.Qg2 Qf5
44.Bb7 Qe6 45.Bxc8 Rxc8 46.Rd1 Qb3 47.Qd2 Kg8 48.Kg2 Kf7 49.Rc1 Ke6 50.Rd1 Qc4
51.a5 bxa5 52.Qb2 Ne5 53.Rd4 Qc6 54.Kh3 g5 55.Qa2+ Kd7 56.Qe2 Nf3 57.Rd1 a6
58.Kg2 a4 59.Qa2 Ne5 60.Rd4 a3 61.Qxa3 Nf3 62.Qb2 Nxd4 63.Bxd4 e3+ 64.Kh3 Qxd6
65.Bxf6 e2 66.Bxg5 Qe6+ 67.Kg2 e1=Q 68.Qd4+ Kc6 69.Qa4+ Kb7  0-1

[Event "VII Anibal Open"]
[Site "Linares ESP"]
[Date "2000.01.09"]
[Round "3"]
[White "Minasian,Art"]
[Black "Jonkman,H"]
[Result "1-0"]
[WhiteElo "2600"]
[BlackElo "2421"]

1.Nf3 d5 2.g3 c6 3.Bg2 Nf6 4.O-O Bg4 5.d3 Nbd7 6.h3 Bh5 7.Qe1 e5 8.e4 dxe4
9.dxe4 Bc5 10.Nbd2 O-O 11.Nc4 Re8 12.a4 Qc7 13.Nh4 b5 14.Na5 Nb6 15.Qc3 Nfd7
16.Nb3 b4 17.Qe1 Bf8 18.a5 Nc4 19.g4 Bg6 20.Qe2 Nd6 21.Rd1 f6 22.Nxg6 hxg6
23.Bf1 Rac8 24.Qf3 c5 25.Rxd6 Bxd6 26.Bc4+ Kf8 27.Qd3 Ke7 28.Be3 Nf8 29.Qd5 Qc6
30.Qf7+ Kd8 31.Qxg7 Be7 32.Rd1+ Nd7 33.Nxc5 Bxc5 34.Bxc5 Rc7 35.Rd5 Kc8 36.Qxg6 Nxc5
37.Rxc5 Qxc5 38.Qxe8+ Kb7 39.a6+ Kb6 40.b3 Ka5 41.h4 Qc6 42.Qxc6 Rxc6 43.h5 Rc8
44.Kg2 Kb6 45.f4 exf4 46.Kf3 Kc5 47.Kxf4 Kd6 48.Kf5 Ke7 49.h6 Rc5+ 50.Bd5 Rxc2
51.h7 Rh2 52.Kg6 Kf8 53.Bg8 Rh4 54.Be6 Rh2 55.Bf5 Rh1 56.Kxf6 Rh6+ 57.Bg6 Rh5
58.g5  1-0

[Event "VII Anibal Open"]
[Site "Linares ESP"]
[Date "2000.01.10"]
[Round "4"]
[White "Guerra Bastida,D"]
[Black "Baron Rodriguez,Je"]
[Result "1-0"]
[WhiteElo "2273"]
[BlackElo "2409"]

1.Nf3 d5 2.g3 Bg4 3.Bg2 e6 4.O-O Nd7 5.d3 Bd6 6.Qe1 Ne7 7.e4 c6 8.Bg5 h6
9.Bc1 Qc7 10.b3 O-O-O 11.Bb2 Bxf3 12.Bxf3 h5 13.Nd2 h4 14.c4 hxg3 15.hxg3 Ne5
16.Qe2 Nxd3 17.Qxd3 Bxg3 18.Rfd1 Rh2 19.Bg2 Bxf2+ 20.Kxf2 dxe4 21.Qg3 Qb6+
22.Kf1 Rhh8 23.Bxe4 f5 24.Bg2 f4 25.Qf2 Nf5 26.Qxb6 axb6 27.Ke2 Rh2 28.Rg1 Nh4
29.Nf3 Rxg2+ 30.Rxg2 Nxg2 31.Rg1 Ne3 32.Rxg7 Nf5 33.Rf7 Rg8 34.Ne1 Rg3 35.Kf2 Rh3
36.Nf3 Rh1 37.Rf8+ Kd7 38.Ne5+ Ke7 39.Ng6+ Kd7 40.Nxf4 Rh2+ 41.Ng2 Nh4 42.Rg8 Kd6
43.Rg5 Rxg2+ 44.Rxg2 Nxg2 45.Kxg2 Kc5 46.Kf3 b5 47.cxb5 Kxb5 48.Bc3 c5 49.Ke4 Kc6
50.a4 b5 51.axb5+ Kxb5 52.Kd3 e5 53.Bd2  1-0

[Event "ch-CRO"]
[Site "Pula CRO"]
[Date "2000.01.10"]
[Round "4"]
[White "Stevic,H"]
[Black "Feletar,D"]
[Result "0-1"]
[WhiteElo "2470"]
[BlackElo "2411"]

1.Nf3 d5 2.g3 Nf6 3.Bg2 e6 4.O-O Be7 5.d3 c5 6.Nbd2 Nc6 7.e4 Qc7 8.Re1 b6
9.Nf1 Bb7 10.Bf4 Qd8 11.e5 Nd7 12.h4 h6 13.N1h2 b5 14.c3 Qc7 15.Ng4 Nb6 16.Qe2 a6
17.b3 O-O-O 18.a4 b4 19.cxb4 cxb4 20.Rec1 Kb8 21.Nd4 Nxd4 22.Qb2 Nc6 23.a5 Nc8
24.Rc2 N8a7 25.Rac1 Qd7 26.Ne3 Ka8 27.Bh3 g5 28.Nxd5 Qxd5 29.Bg2 Qxg2+ 30.Kxg2 Nd4+
31.Kf1 Nxc2 32.Bd2 Nd4 33.Rc7 Nac6 34.Be3 Nb5  0-1